World War II : (Record no. 5086)

MARC details
000 -LEADER
fixed length control field 01603nam a22003017a 4500
001 - CONTROL NUMBER
control field 5086
003 - CONTROL NUMBER IDENTIFIER
control field FISKH
005 - DATE AND TIME OF LATEST TRANSACTION
control field 20241105142137.0
008 - FIXED-LENGTH DATA ELEMENTS--GENERAL INFORMATION
fixed length control field 241105b cb ||||| |||| 00| 0 eng d
020 ## - INTERNATIONAL STANDARD BOOK NUMBER
International Standard Book Number 9780545316552
040 ## - CATALOGING SOURCE
Original cataloging agency FISKH
Language of cataloging eng
Transcribing agency FISKH
Modifying agency FISKH
050 ## - LIBRARY OF CONGRESS CALL NUMBER
Classification number D736.R68
082 ## - DEWEY DECIMAL CLASSIFICATION NUMBER
Classification number 940.53
100 ## - MAIN ENTRY--PERSONAL NAME
Personal name Rosenberg, Aaron
245 ## - TITLE STATEMENT
Title World War II :
Remainder of title Adolf Hitler, Winston Churchill, Josef Stalin, Franklin D. Roosevelt, Hirohito, Dwight D. Eisenhower /
Statement of responsibility, etc. by Aaron Rosenberg
250 ## - EDITION STATEMENT
Edition statement First edition, August 2011
260 ## - PUBLICATION, DISTRIBUTION, ETC.
Place of publication, distribution, etc. New York :
Name of publisher, distributor, etc. Scholastic ;
Date of publication, distribution, etc. 2011 .
300 ## - PHYSICAL DESCRIPTION
Extent 160 pages :
Other physical details colro illustrations , maps ;
Dimensions 20 cm .
490 ## - SERIES STATEMENT
Series statement Profiles
Volume/sequential designation Book 2
505 ## - FORMATTED CONTENTS NOTE
Formatted contents note Z <br/>
520 ## - SUMMARY, ETC.
Summary, etc. Biography & Autobiography. Juvenile Nonfiction. HTML:<br/>Full-color series-six bios in one!<br/><br/>It takes more than one person to bring about change and innovation. Find out how key players from yesterday and today influenced and interacted with each other during some of the world's most memorable periods. So much more than just your typical biography, Profiles focuses on six of the most prominent figures during World War II. This book includes all of the biographical information kids need to know (background, family, education, accomplishments, etc.) about FDR, Churchill, Eisenhower, Hitler, Stalin, and Hirohito. Photographs, maps, and quotes are interwoven throughout the text.
521 8# - TARGET AUDIENCE NOTE
Target audience note 940 <br/>
Source Lexile <br/>
521 8# - TARGET AUDIENCE NOTE
Target audience note Z <br/>
Source Raz-Plus <br/>
650 ## - SUBJECT ADDED ENTRY--TOPICAL TERM
Topical term or geographic name entry element biography
Form subdivision non-fiction
700 ## - ADDED ENTRY--PERSONAL NAME
Personal name Howard, Dwayne
Relator term Photo Researcher
942 ## - ADDED ENTRY ELEMENTS (KOHA)
Source of classification or shelving scheme Dewey Decimal Classification
Koha item type Books
Suppress in OPAC No
Holdings
Withdrawn status Lost status Source of classification or shelving scheme Damaged status Not for loan Collection Home library Current library Shelving location Date acquired Total Checkouts Full call number Barcode Date last seen Price effective from Koha item type
    Dewey Decimal Classification     Non-Fiction Footprints International School Library Network Toul Kork Campus Footprints International School Library Network Toul Kork Campus TTP Secondary Non-Fiction Bookshelves 11/05/2024   ROS 940.53 D736.R68 FISSE01061 11/05/2024 11/05/2024 Books